LEADER 01475oam 2200385 a 450 001 9910692001303321 005 20030911131457.0 035 $a(CKB)5470000002349396 035 $a(OCoLC)51860222 035 9 $aocm51860222 035 $a(OCoLC)995470000002349396 035 $a(EXLCZ)995470000002349396 100 $a20030314d2002 ua 0 101 0 $aeng 135 $auran|||||| 181 $ctxt$2rdacontent 182 $cc$2rdamedia 183 $acr$2rdacarrier 200 10$aIntercity passenger rail$b[electronic resource] $epotential financial issues in the event that Amtrak undergoes liquidation : report to the Chairman, Committee on Transportation and Infrastructure, House of Representatives 210 1$a[Washington, D.C.] :$cU.S. General Accounting Office,$d[2002] 300 $aTitle from title screen (viewed on Mar. 14, 2003). 300 $a"September 2002." 300 $aPaper version available from: General Accounting Office, 441 G St., NW, Rm. LM, Washington, D.C. 20548. 300 $a"GAO-02-871." 517 $aIntercity passenger rail 606 $aRailroads$zUnited States$xPassenger traffic$xFinance 615 0$aRailroads$xPassenger traffic$xFinance. 712 02$aUnited States.$bCongress.$bHouse.$bCommittee on Transportation and Infrastructure. 801 0$bMDT 801 1$bMDT 801 2$bGPO 906 $aBOOK 912 $a9910692001303321 996 $aIntercity passenger rail$93428335 997 $aUNINA